00449 2200181 4500001002100000008004100021035002000062245006300082100001600145250000600161260002900167300001200196084001400208082000800222650001300230990001200243990001200255INLIS000000000000781 ind  a0010-0524000016 aSukses dan Mandiri Belajar Matematika Kelas XIcAbdul Azis aAzis, Abdul a1 aYogyakarta :bAndic2013 a226 hlm a510 ABD m a510 aNonFiksi a0740411 a0740412